000 00552cam a22002291 4500
001 10318830
005 20180222043004.0
008 750527s1963 nyua b 000 0 eng
010 _a 63011422
035 _a(OCoLC)1356098
040 _aDLC
_cFM
_dOCoLC
_dDLC
041 _aeng
042 _apremarc
080 _a659.133 BAL
082 _a659.133 BAL
100 1 _a39
101 _aMED
245 1 0 _aDirect mail design.
504 _aBibliography: p. 221.
906 _a7
_bcbc
_coclcrpl
_du
_encip
_f19
_gy-gencatlg
942 _2ddc
_cBK
999 _c43149
_d43149